Partition of India. (Record no. 412377)

000 -LEADER
fixed length control field 00353cam a22001217a 4500
008 - FIXED-LENGTH DATA ELEMENTS--GENERAL INFORMATION
fixed length control field 180718b1958 xxu||||| |||| 00| 0 eng d
082 ## - DEWEY DECIMAL CLASSIFICATION NUMBER
Classification number A6x5408 R19
100 ## - MAIN ENTRY--PERSONAL NAME
Personal name Rau, G.V. Subba
245 ## - TITLE STATEMENT
Title Partition of India.
Statement of responsibility, etc. by G.V. Subba Rau
260 ## - PUBLICATION, DISTRIBUTION, ETC.
Place of publication, distribution, etc. Amalapuram
Name of publisher, distributor, etc. Goshthi Book- Trust
Date of publication, distribution, etc. 1958
300 ## - PHYSICAL DESCRIPTION
Extent xxiv, 252p
650 ## - SUBJECT ADDED ENTRY--TOPICAL TERM
Topical term or geographic name entry element India -History -Partition, 1947
Holdings
Withdrawn status Lost status Damaged status Not for loan Permanent Location Current Location Date acquired Full call number Barcode Date last seen Price effective from Koha item type
        Indian Institute of Public Administration Indian Institute of Public Administration 2009-02-05 A6x5408 R19 19864 2018-07-21 2018-07-21 Book

Powered by Koha